000 00585nam a2200193Ia 4500
999 _c55257
_d55257
003 GCL
005 20240530105345.0
008 140319s9999 xx 000 0 ara d
040 _aGCL /
_cGCL
082 0 4 _a21706
_bح ا
100 1 _aحسن دوح
245 1 0 _aالام وامال على طريق الاخوان المسلمين /
_cحسن دوح
260 _a[S.N] :
_bدار الاعتصام ،
_c1989
300 _a142 ص
650 0 4 _aفلسطين المحتلة
650 0 4 _aثورة 23 يوليو 1952
650 0 4 _aالاخوان المسلمون
942 _2ddc
_cBK